书目信息 |
| 题名: |
海峡西岸现代林业发展战略
|
|
| 作者: | 彭镇华 著 | |
| 分册: | ||
| 出版信息: | 北京 中国林业出版社 2010.03 |
|
| 页数: | 643页 | |
| 开本: | 30cm | |
| 丛书名: | ||
| 单 册: | ||
| 中图分类: | F326.275.7 | |
| 科图分类: | ||
| 主题词: | 农业经济--中国 | |
| 电子资源: | ||
| ISBN: | 978-7-5038-5759-1 | |
| 000 | 00797nam0 2200205 45 | |
| 001 | 2037284430 | |
| 005 | 20201202102345.48 | |
| 010 | @a978-7-5038-5759-1@b精装@dRMB 199.00 | |
| 100 | @a20201202d2010 km y0chiy0120 ea | |
| 101 | 0 | @achi |
| 102 | @aCN@b110000 | |
| 200 | 1 | @a海峡西岸现代林业发展战略@Ahai xia xi an xian dai lin ye fa zhan zhan lue@f彭镇华著@Fpeng zhen hua zhu |
| 210 | @a北京@c中国林业出版社@d2010.03 | |
| 215 | @a643页@d30cm | |
| 330 | @a本书内容包括 : 海峡两岸林业发展背景分析、海峡两岸现代林业发展理念、海峡两岸现代林业发展指标、海峡两岸现代林业发展布局规划、林业生态文化建设关键技术、森林资源培育与保护关键技术等。 | |
| 606 | 0 | @a农业经济@x中国 |
| 690 | @aF326.275.7@v4 | |
| 701 | 0 | @a彭镇华@Apeng zhen hua@4著 |
| 801 | 0 | @aCN@bPFT@c20201202 |
| 905 | @a10447@dF326.275.7@eP592 | |
| 海峡西岸现代林业发展战略/彭镇华著.-北京:中国林业出版社,2010.03 |
| 643页;30cm |
| ISBN 978-7-5038-5759-1(精装):RMB 199.00 |
| 本书内容包括 : 海峡两岸林业发展背景分析、海峡两岸现代林业发展理念、海峡两岸现代林业发展指标、海峡两岸现代林业发展布局规划、林业生态文化建设关键技术、森林资源培育与保护关键技术等。 |
| ● |
| 相关链接 |
|
|
|
正题名:海峡西岸现代林业发展战略
索取号:F326.275.7/P592
 
预约/预借
| 序号 | 登录号 | 条形码 | 馆藏地/架位号 | 状态 | 备注 |
| 1 | 1304004 | 213040047 | 社科库409/409社科库 33排4列3层/ [索取号:F326.275.7/P592] | 在馆 |